La casa en el bosque : las "trojes" de Michoacán /
Tras un vida laboral vincuada con la universidad y los museos, el norteamericano Richard Barthelemy (1916-1988), se asentó en San Juan Nuevo Parangaricutiro, en la Meseta Tarasca, dedicándose a fotografiar los rostros y modos de vida de su cultura adoptiva. En el empeño, dejó no sólo el registro ant...
Guardat en:
| Autor principal: | |
|---|---|
| Altres autors: | |
| Format: | Llibre |
| Idioma: | espanyol |
| Publicat: |
México :
El Colegio de Michoacán,
1987, c1987
|
| Matèries: | |
| Etiquetes: |
Sense etiquetes, Sigues el primer a etiquetar aquest registre!
|
MARC
| LEADER | 00000nam^a2200000^a^4500 | ||
|---|---|---|---|
| 001 | 000022337 | ||
| 005 | 20250521000000.0 | ||
| 009 | 20260310084453.664 | ||
| 020 | |a 968-7230-35-5 | ||
| 037 | |a Acervo ITESO - Biblioteca | ||
| 041 | |a GRA | ||
| 041 | |a ESP | ||
| 082 | |a 770. 972 |b BAR MEY | ||
| 100 | |a Barthelemy, Ricardo |e (fotógrafo) | ||
| 245 | 1 | 3 | |a La casa en el bosque : |b las "trojes" de Michoacán / |c Fotógrafo R. Barthelemy ; texto de J. Meyer. |
| 264 | 4 | |a México : |b El Colegio de Michoacán, |c 1987, c1987 | |
| 300 | |a 101 p. | ||
| 336 | |a texto |b txt |2 rdacontenido | ||
| 337 | |a sin mediación |b n |2 rdamedio | ||
| 338 | |a volumen |b nc |2 rdasoporte | ||
| 520 | |a Tras un vida laboral vincuada con la universidad y los museos, el norteamericano Richard Barthelemy (1916-1988), se asentó en San Juan Nuevo Parangaricutiro, en la Meseta Tarasca, dedicándose a fotografiar los rostros y modos de vida de su cultura adoptiva. En el empeño, dejó no sólo el registro antropológico de una sociedad, sino también verdaderas obras de arte en el campo de la fotografía, como las recogidas en este libro. | ||
| 546 | |a Edición gráfica con texto en español | ||
| 586 | |a Premio Nacional de Ciencias y Artes, categoría Historia, Ciencias Sociales y Filosofía (62°: 2011), ex aequo | ||
| 649 | |a XX | ||
| 650 | |a Tarascos - |z Fotografías - |x Tema Principal | ||
| 650 | |a Tarascos - |z Fotografías - |x Historia - |y 1946-2000 | ||
| 650 | |a Tarascos - |z Fotografías - |x Historia - |y Siglo XX | ||
| 650 | |a Indígenas de México - |z Michoacán - |x Fotografías | ||
| 650 | |a Indígenas de México - |z Michoacán - |x Historia - |y 1946-2000 | ||
| 650 | |a Indígenas de México - |z Michoacán - |x Historia - |y Siglo XX | ||
| 650 | |a Retrato (Fotografía) - |z Michoacán | ||
| 650 | |a Retrato (Fotografía) - |z México | ||
| 650 | |a Fotografía Antropológica - |z Michoacán | ||
| 650 | |a Fotografía Antropológica - |z México | ||
| 650 | |a Fotografía Arquitectónica - |z Michoacán | ||
| 650 | |a Fotografía Arquitectónica - |z México | ||
| 650 | |a Fotografía y Sociedad - |z Michoacán | ||
| 650 | |a Fotografía y Sociedad - |z México | ||
| 650 | |a Fotografía en Blanco y Negro - |z Michoacán | ||
| 650 | |a Fotografía en Blanco y Negro - |z México | ||
| 650 | |a Fotografía Michoacana - |y Siglo XX | ||
| 650 | |a Fotografía Mexicana - |y Siglo XX | ||
| 650 | |a Silos - |z Michoacán - |x Fotografías | ||
| 650 | |a Silos - |z México - |x Fotografías | ||
| 650 | |a Cabañas de Montaña - |z Michoacán - |x Fotografías | ||
| 650 | |a Cabañas de Montaña - |z México - |x Fotografías | ||
| 650 | |a Vivienda Rural - |z Michoacán - |x Fotografías | ||
| 650 | |a Vivienda Rural - |z México - |x Fotografías | ||
| 650 | |a Arquitectura Popular - |z Michoacán | ||
| 650 | |a Arquitectura Popular - |z México | ||
| 650 | |a Arquitectura Tarasca | ||
| 650 | |a Arquitectura Michoacana | ||
| 650 | |a Arquitectura Mexicana | ||
| 650 | |a Artesanía de Madera - |z Michoacán - |x Fotografías | ||
| 650 | |a Artesanía de Madera - |z México - |x Fotografías | ||
| 650 | |a Arte Popular - |z Michoacán | ||
| 650 | |a Arte Popular - |z México | ||
| 650 | |a Arte y Sociedad - |z Michoacán | ||
| 650 | |a Arte y Sociedad - |z México | ||
| 650 | |a Arte Tarasco | ||
| 650 | |a Arte Michoacano - |y Siglo XX | ||
| 650 | |a Arte Mexicano - |y Siglo XX | ||
| 650 | |a Patrimonio Artístico - |z Michoacán - |x Fotografías | ||
| 650 | |a Patrimonio Artístico - |z México - |x Fotografías | ||
| 650 | |a Patrimonio Intangible - |z Michoacán - |x Fotografías | ||
| 650 | |a Patrimonio Intangible - |z México - |x Fotografías | ||
| 650 | |a Valoración Patrimonial e Histórica - |z Michoacán - |x Fotografías | ||
| 650 | |a Valoración Patrimonial e Histórica - |z México - |x Fotografías | ||
| 650 | |a Mesetas - |z Michoacán - |x Fotografías | ||
| 650 | |a Mesetas - |z México - |x Fotografías | ||
| 650 | |a Zonas Rurales - |z Michoacán - |x Fotografías | ||
| 650 | |a Zonas Rurales - |z México - |x Fotografías | ||
| 650 | |a Michoacán - |x Fotografías - |x Tema Principal | ||
| 650 | |a Michoacán - |x Descripción | ||
| 650 | |a Michoacán - |x Condiciones Sociales y Culturales | ||
| 650 | |a Michoacán - |x Historia - |y 1946-2000 | ||
| 650 | |a Michoacán - |x Historia - |y Siglo XX | ||
| 650 | |a México - |x Fotografías | ||
| 650 | |a México - |x Descripción | ||
| 650 | |a México - |x Condiciones Sociales y Culturales | ||
| 650 | |a México - |x Historia - |y 1946-2000 | ||
| 650 | |a México - |x Historia - |y Siglo XX | ||
| 650 | |a Antropología Cultural | ||
| 650 | |a Sociología Rural | ||
| 650 | |a Sociología de la Cultura | ||
| 650 | |a Barthelemy, Ricardo - |x Tema Principal | ||
| 650 | |a Barthelemy, Ricardo - |x Tema Principal | ||
| 700 | |a Meyer, Jean |e (texto) | ||
| 910 | |a Fondo General | ||
| 920 | |a Impresos - Libros | ||
| 930 | |a Colección General | ||
| 905 | |a 101 | ||
| 901 | |a 0223370100 |b IT1 |c ACC |i 022337 |u 20250521 | ||
| 902 | |a https://opac.biblio.iteso.mx/vufind/Record/000022337 | ||